000
00299nam a2200109Ia 4500
008
171211s9999 xx 000 0 und d
245
_a
Knockout Game a Lie? Aww, Hell No!
245
_c
Mr. Colin Flaherty
260
_c
2014
650
_x
GAMES
856
_u
http://down.ebook777.com/057/1483540251.pdf
999
_c
348895
_d
348895